000 006180000a22001690004500
090 _aAR
_b01196
245 1 0 _aDiseño de un sistema de corredores de vida silvestre en bosques productores de maderas de la Guayana Venezolana
650 1 4 _aPuente biológico
_994466
650 1 4 _aBiología de la conservación
_93740
650 1 4 _aRecursos forestales
_992984
650 1 4 _aCorredores ecológicos
_975249
651 4 _dGuyana
_pVenezuela
_992749
041 0 _aEspañol
100 1 _aOchoa G., José
_912291
942 _cARTICULO
773 1 _tCorredores Conservacionistas en la Región Centroamericana
_3443
_q365-382
_d1992?
999 _c10282
_d10282